Фольклорная стилизация в малой прозе Е. И. Замятина; Вестник Томского государственного педагогического университета; № 8
| Parent link: | Вестник Томского государственного педагогического университета/ Томский государственный педагогический университет (ТГПУ).— , 1997- № 8.— 2006.— [С. 68-75] |
|---|---|
| Autor principal: | |
| Sumari: | Заглавие с экрана The article deals with the narrative forms in the stories by E.I. Zamyatin created in 1910s-20s (pastiche of folklore, fancy and impressionistic narrations), which produce a metatext as a way of modernist narration. Режим доступа: по договору с организацией-держателем ресурса |
| Idioma: | rus |
| Publicat: |
2006
|
| Matèries: | |
| Accés en línia: | http://vestnik.tspu.edu.ru/archive.html?year=2006&issue=8&article_id=1169 http://elibrary.ru/item.asp?id=11644461 |
| Format: | Electrònic Capítol de llibre |
| KOHA link: | https://koha.lib.tpu.ru/cgi-bin/koha/opac-detail.pl?biblionumber=638873 |
MARC
| LEADER | 00000naa0a2200000 4500 | ||
|---|---|---|---|
| 001 | 638873 | ||
| 005 | 20250210114209.0 | ||
| 035 | |a (RuTPU)RU\TPU\network\3270 | ||
| 035 | |a RU\TPU\network\3269 | ||
| 090 | |a 638873 | ||
| 100 | |a 20150216d2006 k||y0rusy50 ca | ||
| 101 | 0 | |a rus | |
| 102 | |a RU | ||
| 135 | |a drcn ---uucaa | ||
| 181 | 0 | |a i | |
| 182 | 0 | |a b | |
| 200 | 1 | |a Фольклорная стилизация в малой прозе Е. И. Замятина |f М. А. Хатямова | |
| 203 | |a Текст |c электронный | ||
| 300 | |a Заглавие с экрана | ||
| 320 | |a [Библиогр.: с. 78 (12 назв.)] | ||
| 330 | |a The article deals with the narrative forms in the stories by E.I. Zamyatin created in 1910s-20s (pastiche of folklore, fancy and impressionistic narrations), which produce a metatext as a way of modernist narration. | ||
| 333 | |a Режим доступа: по договору с организацией-держателем ресурса | ||
| 461 | |t Вестник Томского государственного педагогического университета |f Томский государственный педагогический университет (ТГПУ) |d 1997- | ||
| 463 | |t № 8 |v [С. 68-75] |d 2006 | ||
| 600 | 1 | |a Замятин |b Е. И. |c русский писатель |c с 1932 в эмиграции |f 1884-1937 |g Евгений Иванович |2 stltpush |3 (RuTPU)RU\TPU\pers\11383 |9 2598 | |
| 610 | 1 | |a электронный ресурс | |
| 610 | 1 | |a труды учёных ТПУ | |
| 610 | 1 | |a стилизация | |
| 610 | 1 | |a проза | |
| 610 | 1 | |a литературоведение | |
| 700 | 1 | |a Хатямова |b М. А. |c лингвист |c профессор Томского политехнического университета, кандидат филологических наук |f 1961- |g Марина Альбертовна |3 (RuTPU)RU\TPU\pers\29167 | |
| 801 | 2 | |a RU |b 63413507 |c 20150216 |g RCR | |
| 856 | 4 | |u http://vestnik.tspu.edu.ru/archive.html?year=2006&issue=8&article_id=1169 | |
| 856 | 4 | |u http://elibrary.ru/item.asp?id=11644461 | |
| 942 | |c CF | ||